=LDR 00000nam 2200000 4500 =001 INLIS000000000027849 =005 20130612130208 =008 ***********************************ind** =035 ##$$0010-061300000027849 =041 ##$$a ind =082 ##$$a 92 (Saraswati) =090 ##$$a 92 (Saraswati), SAR s =100 ##$$a Saraswati, Adinda Arimbi =245 ##$$a Sandera, 130 hari terperangkap di Mapnduma, sebagimana dituturkan Adinda Arimbi Saraswati kepada Ray Rizal, Nina Pane =260 ##$$a 1997 $b Jakarta =300 ##$$a xxiii, 327 hlm., 21 cm =650 ##$$a Saraswati, Adinda Arimbi =700 ##$$a Rizal, Ray =850 ##$$a NBPNMAT